Normal view
MARC view
- Assistant Professor Sardar Khan
Entry Personal Name
001 - CONTROL NUMBER
- control field: 48134
003 - CONTROL NUMBER IDENTIFIER
- control field: NUST
005 - DATE AND TIME OF LATEST TRANSACTION
- control field: 20210314134000.0
008 - FIXED-LENGTH DATA ELEMENTS
- fixed length control field: 210314|| aca||aabn | a|a d
040 ## - CATALOGING SOURCE
- Original cataloging agency: NUST
- Transcribing agency: NUST
100 ## - HEADING--PERSONAL NAME
- Personal name: Assistant Professor Sardar Khan
670 ## - SOURCE DATA FOUND
- Source citation: Work cat.: (NUST): SGT Mahmood Khan 48133, Modern water proofing methods and techniques, 2010
